000
00243nam a2200097Ia 4500
001
679686
005
20250826161100.0
008
250824s9999 xx 000 0 und d
245
0
_a
ÇATIDAKİ GEZEGEN
_c
BEHİÇ AK
260
_b
GÜNIŞIĞI YAYINLARI
999
_c
679686
_d
679686